| 000 | 00784nam a22002417a 4500 | ||
|---|---|---|---|
| 003 | URS | ||
| 005 | 20251022134450.0 | ||
| 008 | 250908b ||||| |||| 00| 0 eng d | ||
| 040 | _cURS | ||
| 043 | _aURS | ||
| 100 | _aPiƱon, Jeryl SJ. | ||
| 245 | _aDigital Module in Physics | ||
| 260 | _cJanuary 2025 | ||
| 300 |
_a102 leaves : _billustrations ; _c28 cm. |
||
| 336 |
_2rdacontent _atext |
||
| 337 |
_2rdamedia _aunmediated |
||
| 338 |
_2rdacarrier _avolume |
||
| 502 |
_aThesis _bMaster of Arts in Teaching Major in Science _cUniversity of Rizal System-Morong _d2024 |
||
| 650 | 0 | _aPhysics--Study and teaching. | |
| 700 |
_aCruz, Thelma DS. _edegree supervisor |
||
| 856 |
_3Online Request for Student Unpublished Works _uhttps://forms.gle/7LqvGGkaDrUQqz429 |
||
| 942 |
_2lcc _cT |
||
| 999 |
_c85965 _d85963 |
||